The complete idiot's guide to science fair projects / (Record no. 339803)
[ view plain ]
| 000 -LEADER | |
|---|---|
| fixed length control field | 00707nam a2200265Ia 4500 |
| 008 - FIXED-LENGTH DATA ELEMENTS--GENERAL INFORMATION | |
| fixed length control field | 170711s9999 xx 000 0 und d |
| 020 ## - INTERNATIONAL STANDARD BOOK NUMBER | |
| International Standard Book Number | 1592571379 |
| 050 ## - LIBRARY OF CONGRESS CALL NUMBER | |
| Classification number | 507.8 |
| 050 ## - LIBRARY OF CONGRESS CALL NUMBER | |
| Item number | Ol45 2003 |
| 100 ## - MAIN ENTRY--PERSONAL NAME | |
| Personal name | O'Leary, Nancy |
| 245 #4 - TITLE STATEMENT | |
| Title | The complete idiot's guide to science fair projects / |
| 245 ## - TITLE STATEMENT | |
| Statement of responsibility, etc | by Nancy O'Leary and Susan Shelly. |
| 260 ## - PUBLICATION, DISTRIBUTION, ETC. (IMPRINT) | |
| Place of publication, distribution, etc | USA : |
| 260 ## - PUBLICATION, DISTRIBUTION, ETC. (IMPRINT) | |
| Name of publisher, distributor, etc | Alpha, |
| 260 ## - PUBLICATION, DISTRIBUTION, ETC. (IMPRINT) | |
| Date of publication, distribution, etc | 2003 |
| 300 ## - PHYSICAL DESCRIPTION | |
| Extent | xxi, 343 pages : |
| 300 ## - PHYSICAL DESCRIPTION | |
| Other physical details | illustrations ; |
| 300 ## - PHYSICAL DESCRIPTION | |
| Dimensions | 23cm. |
| 500 ## - GENERAL NOTE | |
| General note | Includes glossary and index. |
| 650 ## - SUBJECT ADDED ENTRY--TOPICAL TERM | |
| Topical term or geographic name as entry element | Science -- Experiments. |
| 650 ## - SUBJECT ADDED ENTRY--TOPICAL TERM | |
| Topical term or geographic name as entry element | Science projects -- |
| 650 ## - SUBJECT ADDED ENTRY--TOPICAL TERM | |
| General subdivision | Handbooks, manuals, etc. |
| 700 ## - ADDED ENTRY--PERSONAL NAME | |
| Personal name | Shelly, Susan. |
| 700 ## - ADDED ENTRY--PERSONAL NAME | |
| Personal name | Title. |
No items available.